Startformationen der DFB-Pokal-Sieger 2000 - 2009 - Statistiken

Allgemein
  • Dieses Quiz wurde 346 mal gespielt
  • Das Durchschnittsergebnis liegt bei 68 aus 120
Antwortstatistiken
Jahr: Sieger Position Nationalität Spieler % Korrekt
2000: FC Bayern München TW GER Oliver Kahn
98%
2003: FC Bayern München TW GER Oliver Kahn
98%
2005: FC Bayern München TW GER Oliver Kahn
98%
2006: FC Bayern München TW GER Oliver Kahn
98%
2008: FC Bayern München TW GER Oliver Kahn
98%
2003: FC Bayern München ST PER Claudio Pizarro
86%
2005: FC Bayern München ST PER Claudio Pizarro
86%
2006: FC Bayern München ST PER Claudio Pizarro
86%
2009: SV Werder Bremen ST PER Claudio Pizarro
86%
2000: FC Bayern München ST BRA Giovane Élber
82%
2003: FC Bayern München ST BRA Giovane Élber
82%
2000: FC Bayern München Trainer GER Ottmar Hitzfeld
82%
2003: FC Bayern München Trainer GER Ottmar Hitzfeld
82%
2008: FC Bayern München Trainer GER Ottmar Hitzfeld
82%
2004: SV Werder Bremen Trainer GER Thomas Schaaf
82%
2009: SV Werder Bremen Trainer GER Thomas Schaaf
82%
2004: SV Werder Bremen ST BRA Ailton
81%
2008: FC Bayern München ST ITA Luca Toni
81%
2006: FC Bayern München V GER Philipp Lahm
81%
2008: FC Bayern München V GER Philipp Lahm
81%
2005: FC Bayern München MF GER Bastian Schweinsteiger
79%
2008: FC Bayern München MF GER Bastian Schweinsteiger
79%
2008: FC Bayern München MF FRA Franck Ribéry
79%
2009: SV Werder Bremen TW GER Tim Wiese
79%
2008: FC Bayern München ST GER Miroslav Klose
78%
2005: FC Bayern München ST NED Roy Makaay
75%
2006: FC Bayern München ST NED Roy Makaay
75%
2005: FC Bayern München V BRA Lúcio
74%
2006: FC Bayern München V BRA Lúcio
74%
2008: FC Bayern München V BRA Lúcio
74%
2008: FC Bayern München MF NED Mark van Bommel
74%
2005: FC Bayern München MF ARG Martin Demichelis
74%
2006: FC Bayern München MF ARG Martin Demichelis
74%
2008: FC Bayern München V ARG Martin Demichelis
74%
2003: FC Bayern München V FRA Willy Sagnol
74%
2005: FC Bayern München V FRA Willy Sagnol
74%
2006: FC Bayern München V FRA Willy Sagnol
74%
2009: SV Werder Bremen MF BRA Diego
72%
2001: FC Schalke 04 ST DEN Ebbe Sand
71%
2002: FC Schalke 04 ST DEN Ebbe Sand
71%
2000: FC Bayern München MF BIH Hasan Salihamidžić
70%
2006: FC Bayern München MF BIH Hasan Salihamidžić
70%
2003: FC Bayern München MF BRA Zé Roberto
70%
2005: FC Bayern München MF BRA Zé Roberto
70%
2008: FC Bayern München MF BRA Zé Roberto
70%
2001: FC Schalke 04 Trainer NED Huub Stevens
69%
2002: FC Schalke 04 Trainer NED Huub Stevens
69%
2005: FC Bayern München Trainer GER Felix Magath
68%
2006: FC Bayern München Trainer GER Felix Magath
68%
2004: SV Werder Bremen MF FRA Johan Micoud
68%
2003: FC Bayern München MF ENG Owen Hargreaves
67%
2006: FC Bayern München MF ENG Owen Hargreaves
67%
2000: FC Bayern München MF GER Stefan Effenberg
67%
2003: FC Bayern München V FRA Bixente Lizarazu
66%
2005: FC Bayern München V FRA Bixente Lizarazu
66%
2004: SV Werder Bremen ST CRO Ivan Klasnić
66%
2007: 1. FC Nürnberg MF SVK Marek Mintál
66%
2003: FC Bayern München MF GER Michael Ballack
66%
2005: FC Bayern München MF GER Michael Ballack
66%
2006: FC Bayern München MF GER Michael Ballack
66%
2000: FC Bayern München ST GER Carsten Jancker
65%
2000: FC Bayern München V GHA Samuel Kuffour
65%
2003: FC Bayern München V GHA Samuel Kuffour
65%
2009: SV Werder Bremen V BRA Naldo
64%
2000: FC Bayern München V SWE Patrik Andersson
63%
2007: 1. FC Nürnberg TW GER Raphael Schäfer
63%
2009: SV Werder Bremen MF GER Torsten Frings
61%
2009: SV Werder Bremen ST POR Hugo Almeida
60%
2004: SV Werder Bremen MF GER Frank Baumann
57%
2009: SV Werder Bremen MF GER Frank Baumann
57%
2009: SV Werder Bremen MF GER Mesut Özil
57%
2003: FC Bayern München V GER Thomas Linke
57%
2004: SV Werder Bremen MF GER Tim Borowski
56%
2005: FC Bayern München V CRO Robert Kovač
55%
2009: SV Werder Bremen V GER Clemens Fritz
52%
2007: 1. FC Nürnberg V ARG Javier Pinola
52%
2000: FC Bayern München ST BRA Paulo Sérgio
50%
2009: SV Werder Bremen V AUT Sebastian Prödl
50%
2004: SV Werder Bremen V FRA Valérien Ismaël
49%
2006: FC Bayern München V FRA Valérien Ismaël
49%
2001: FC Schalke 04 TW GER Oliver Reck
48%
2002: FC Schalke 04 TW GER Oliver Reck
48%
2007: 1. FC Nürnberg Trainer GER Hans Meyer
47%
2001: FC Schalke 04 ST BEL Emile Mpenza
45%
2008: FC Bayern München V GER Christian Lell
44%
2001: FC Schalke 04 ST GER Gerald Asamoah
44%
2002: FC Schalke 04 MF GER Gerald Asamoah
44%
2004: SV Werder Bremen TW GER Andreas Reinke
40%
2000: FC Bayern München MF GER Jens Jeremies
39%
2003: FC Bayern München MF GER Jens Jeremies
39%
2009: SV Werder Bremen V POL Sebastian Boenisch
36%
2001: FC Schalke 04 MF GER Jörg Böhme
34%
2002: FC Schalke 04 MF GER Jörg Böhme
34%
2004: SV Werder Bremen V CAN Paul Stalteri
34%
2004: SV Werder Bremen V SRB Mladen Krstajić
31%
2000: FC Bayern München V GER Markus Babbel
29%
2004: SV Werder Bremen MF GER Fabian Ernst
28%
2001: FC Schalke 04 V POL Tomasz Hajto
28%
2002: FC Schalke 04 V POL Tomasz Hajto
28%
2002: FC Schalke 04 ST NIG Victor Agali
28%
2007: 1. FC Nürnberg V GER Andreas Wolf
27%
2001: FC Schalke 04 MF GER Andreas Möller
26%
2002: FC Schalke 04 MF GER Andreas Möller
26%
2000: FC Bayern München V GER Michael Tarnat
22%
2007: 1. FC Nürnberg ST RUS Iwan Sajenko
21%
2001: FC Schalke 04 V CZE Jiri Němec
21%
2002: FC Schalke 04 MF CZE Jiri Němec
21%
2001: FC Schalke 04 MF BEL Nico van Kerckhoven
21%
2002: FC Schalke 04 V BEL Nico van Kerckhoven
21%
2007: 1. FC Nürnberg MF CZE Tomáš Galásek
19%
2004: SV Werder Bremen V GER Christian Schulz
18%
2002: FC Schalke 04 V POL Tomasz Waldoch
18%
2001: FC Schalke 04 V NED Marco van Hoogdalem
17%
2002: FC Schalke 04 MF NED Marco van Hoogdalem
17%
2007: 1. FC Nürnberg MF DEN Jan Kristiansen
15%
2001: FC Schalke 04 MF NED Niels Oude Kamphuis
15%
2007: 1. FC Nürnberg MF GER Marco Engelhardt
13%
2007: 1. FC Nürnberg ST GER Markus Schroth
13%
2007: 1. FC Nürnberg V GER Dominik Reinhardt
8%
2007: 1. FC Nürnberg V CZE Marek Nikl
5%
Keine übereinstimmenden Quizze gefunden
Verteilung der Resultate
Anzahl Personen mit jedem Resultat
Perzentil nach korrekt beantworteten Fragen
Ihre Resultats-Entwicklung
Sie haben dieses Quiz noch nicht gespielt